Austriazismen - Sprachschichten und Stile. Definition und Charakteristik diplomová práca

Saved in:
Bibliographic Details
Main Author: Fitos, Dávid
Corporate Author: Fakulta aplikovaných jazykov EU v Bratislave. Katedra jazykovedy a translatológie
Other Authors: Adamcová, Lívia
Format: Book
Language:German
Published: Bratislava 2020
Tags: Add Tag
No Tags, Be the first to tag this record!

MARC

LEADER 00000nbm a2200000 4500
001 0264386
005 20210414111401.6
041 0 |a ger 
044 |a SK 
245 1 0 |a Austriazismen - Sprachschichten und Stile. Definition und Charakteristik  |b diplomová práca  |c Dávid Fitos ; školiteľ: Lívia Adamcová 
264 1 |a Bratislava  |c 2020 
300 |a 83 s. 
100 1 |a Fitos, Dávid 
700 1 |a Adamcová, Lívia 
710 2 |a Fakulta aplikovaných jazykov EU v Bratislave. Katedra jazykovedy a translatológie